|
|
|
|
| LEADER |
01021nam a2200241 a 4500 |
| 001 |
GR-MES17242 |
| 008 |
150612s gr 000 0 gre d |
| 020 |
|
|
|a 9602325364
|
| 040 |
|
|
|a GrPaTEI
|b gre
|c GR-PaULI
|
| 040 |
|
|
|a GrPaTEI
|b gre
|c GR-PaULI
|
| 082 |
|
0 |
|a 341.95
|2 22 ed
|
| 100 |
1 |
|
|a Skordas, Achille
|
| 245 |
1 |
3 |
|a La protection des etrangers vulnerables en droit en droit international et hellenique :
|b refugies,etrangers persecutew pour leur action en faveur de la liberte,delinquantw politiques /
|c Achille Skordas.
|
| 260 |
|
|
|a Athenes :
|b Sakkoulas,
|c 1996
|
| 300 |
|
|
|a 204 σ.
|
| 504 |
|
|
|a Bibliography: p. 197-204
|
| 650 |
|
4 |
|a Αλλοδαποί
|z Ελλάς
|
| 650 |
|
4 |
|a Διεθνές,δίκαιο
|
| 710 |
0 |
|
|a Sakkoulas
|
| 942 |
|
|
|2 ddc
|
| 952 |
|
|
|0 0
|1 0
|2 ddc
|4 0
|6 341_950000000000000_SKO
|7 0
|9 275332
|a MSLG
|b MSLG
|c BSC
|d 2021-01-17
|e 24
|f 0
|g 0.00
|l 0
|o 341.95 SKO
|p 2420000013947
|r 2021-01-17 00:00:00
|t 1
|w 2021-01-17
|y BK15
|x 20150612 0 K.G. 1
|x GrPaTEI
|
| 971 |
|
|
|a .b25832918
|b 01-10-20
|c 13-09-16
|
| 999 |
|
|
|c 159516
|d 159516
|